UM Logo

Influence of the phase-locked loop on the design microgrids formed by diesel generators and grid-forming converters / (Record no. 19176)

MARC details
000 -LEADER
fixed length control field 01030nam a22002177a 4500
003 - CONTROL NUMBER IDENTIFIER
control field OSt
005 - DATE AND TIME OF LATEST TRANSACTION
control field 20250911154850.0
008 - FIXED-LENGTH DATA ELEMENTS--GENERAL INFORMATION
fixed length control field 240215b ||||| |||| 00| 0 eng d
040 ## - CATALOGING SOURCE
Transcribing agency 0
082 ## - DEWEY DECIMAL CLASSIFICATION NUMBER
Classification number DPer 621.317 Ie21 May 2022 v. 37 n. 5
100 ## - MAIN ENTRY--PERSONAL NAME
Personal name Moran-Rio, Diana Patricia.
Relator term author.
9 (RLIN) 52524
245 ## - TITLE STATEMENT
Title Influence of the phase-locked loop on the design microgrids formed by diesel generators and grid-forming converters /
Statement of responsibility, etc. Diana Patricia Moran-Rio, Javier Roldan-Perez, Milan Prodanovic, and Aurelio Garcia-Cerrada.
260 ## - PUBLICATION, DISTRIBUTION, ETC. (IMPRINT)
Place of publication, distribution, etc. New York ;
Name of publisher, distributor, etc. The Institute of Electrical and Electronics Engineers, Inc. ,
Date of publication, distribution, etc. May 2022.
300 ## - PHYSICAL DESCRIPTION
Extent Volume 37, pages 5122-5137 :
Other physical details illustration ;
Dimensions 28 cm.
500 ## - GENERAL NOTE
General note IEEE Transactions on Power Electronics, vol. 37, no. 5, pages 5122-5137, May 2022.
700 ## - ADDED ENTRY--PERSONAL NAME
Personal name Moran-Rio, Diana Patricia.
Relator term author.
9 (RLIN) 52524
700 ## - ADDED ENTRY--PERSONAL NAME
Personal name Roldan-Perez, Javier.
Relator term author.
9 (RLIN) 52525
700 ## - ADDED ENTRY--PERSONAL NAME
Personal name Prodanovic, Milan.
Relator term author.
9 (RLIN) 52526
700 ## - ADDED ENTRY--PERSONAL NAME
Personal name Garcia-Cerrada, Aurelio.
Relator term author.
9 (RLIN) 52527
942 ## - ADDED ENTRY ELEMENTS (KOHA)
Source of classification or shelving scheme Dewey Decimal Classification
Koha item type Periodicals
Holdings
Withdrawn status Lost status Source of classification or shelving scheme Damaged status Not for loan Collection code Home library Current library Date acquired Total Checkouts Full call number Date last seen Price effective from Koha item type Public note
    Dewey Decimal Classification     Periodicals UM Digos College - LIC UM Digos College - LIC 02/15/2024   DPer 621.317 Ie21 May 2022 v. 37 n. 5 02/15/2024 02/15/2024 Periodicals Periodical Article